000 00697ntaaa2200205 4500
003 01
005 20251027201650.0
008 0714s1973 ag 01
040 _aAR-BaBN
_bspa
_cAR-BaBN
_eaacr
_dRIC
082 _a232.9000 G55
100 _aGoguel, Maurice
245 _aThe life of Jesus
250 _a1 ed.
260 _aNew York :
_bMacmillan,
_cc1953
300 _a591 p
500 _aAn attempt to retrace the origin of christianity, to describe what Jesus was, what he did, what he thought, to relate the story of his life, and to show how the christian church was the direct outcome of his life and teaching
650 _aJesucristo
650 _ateología bíblica
_9313
942 _cBK
999 _c11371
_d11371